Understanding community penalties : probation, policy, and social change / (Record no. 8547)

MARC details
000 -LEADER
fixed length control field 01238nac a22002891u 4500
010 ## - LIBRARY OF CONGRESS CONTROL NUMBER
LC control number 2001059324
020 ## - INTERNATIONAL STANDARD BOOK NUMBER
International Standard Book Number 0335206263
020 ## - INTERNATIONAL STANDARD BOOK NUMBER
International Standard Book Number 0335206255 (pbk.)
082 00 - DEWEY DECIMAL CLASSIFICATION NUMBER
Classification number 364.630941
Item number RAY
090 ## - LOCALLY ASSIGNED LC-TYPE CALL NUMBER (OCLC); LOCAL CALL NUMBER (OCLC)
-- 8547
-- 8547
100 ## - MAIN ENTRY--PERSONAL NAME
Personal name Raynor, Peter.
245 10 - TITLE STATEMENT
Title Understanding community penalties : probation, policy, and social change /
Remainder of title probation, policy, and social change /
Statement of responsibility, etc Peter Raynor and Maurice Vanstone.
260 ## - PUBLICATION, DISTRIBUTION, ETC. (IMPRINT)
Place of publication, distribution, etc Phildelphia, Pa. :
Name of publisher, distributor, etc Open University,2002.
Date of publication, distribution, etc 2002.
300 ## - PHYSICAL DESCRIPTION
Extent ix, 144p.
Dimensions 24 cm.
490 1# - Series Statement
Series statement Crime and justice
500 ## - GENERAL NOTE
General note Distributer: Al-Ahram
504 ## - BIBLIOGRAPHY, ETC. NOTE
Bibliography, etc Includes bibliographical references and index.
511 ## - PARTICIPANT OR PERFORMER NOTE
Participant or performer note Catalogued by: Sara
650 #0 - SUBJECT ADDED ENTRY--TOPICAL TERM
Topical term or geographic name as entry element Probation
Geographic subdivision Great Britain.
650 #0 - SUBJECT ADDED ENTRY--TOPICAL TERM
Topical term or geographic name as entry element Community-based corrections
Geographic subdivision Great Britain.
700 1# - ADDED ENTRY--PERSONAL NAME
Personal name Vanstone, Maurice.
830 #0 - SERIES ADDED ENTRY--UNIFORM TITLE
Uniform title Crime and justice (Buckingham, England)
856 42 - ELECTRONIC LOCATION AND ACCESS
Materials specified Publisher description
Uniform Resource Identifier <a href="http://www.loc.gov/catdir/description/mh051/2001059324.html">http://www.loc.gov/catdir/description/mh051/2001059324.html</a>
856 42 - ELECTRONIC LOCATION AND ACCESS
Materials specified Contributor biographical information
Uniform Resource Identifier <a href="http://www.loc.gov/catdir/bios/mh051/2001059324.html">http://www.loc.gov/catdir/bios/mh051/2001059324.html</a>
856 42 - ELECTRONIC LOCATION AND ACCESS
Materials specified Table of contents
Uniform Resource Identifier <a href="http://www.loc.gov/catdir/toc/mh051/2001059324.html">http://www.loc.gov/catdir/toc/mh051/2001059324.html</a>
942 ## - ADDED ENTRY ELEMENTS (KOHA)
Item type Book - Borrowing
Call number prefix 364.630941RAY
Holdings
Withdrawn status Item status Damaged status Not for loan Home library Current library Shelving location Date acquired Source of acquisition Total Checkouts Full call number Barcode Date last seen Koha item type
        Central Library Central Library First floor 08/03/2012 Purchase   364.630941RAY 000010339 15/07/2025 Book - Borrowing